00429nam a2200157Ia 4500003000400000008004100004040001600045082001700061100002700078245008200105260003200187300001000219650000900229650001000238650002300248GCL140319s9999 xx 000 0 eng d aGCL / cGCL04a704.024bB C1 aBURCKHARDT, JOHN LEWIS10aCIVILISATION DE LA RENAINASSANCE EN ITALIE-TOME II / cBURCKHARDT, JOHN LEWIS a[S.N] : bLE LIVRE DE POCHE a443 P04aARTS04aITALY04aRENAISSANCE PERIOD